书目信息 |
| 题名: |
汽车车身制造系统与工艺
|
|
| 作者: | 奥马尔 著 ;王悦新 主译 | |
| 分册: | ||
| 出版信息: | 北京 化学工业出版社 2016.10 |
|
| 页数: | 287页 | |
| 开本: | 24cm | |
| 丛书名: | ||
| 单 册: | ||
| 中图分类: | U463.820.6 | |
| 科图分类: | ||
| 主题词: | 汽车--车体--车辆制造 | |
| 电子资源: | ||
| ISBN: | 978-7-122-26684-2 | |
| 000 | 01310nam0 2200265 450 | |
| 001 | 0400004432 | |
| 005 | 20171023193616.0 | |
| 010 | @a978-7-122-26684-2@dCNY88.00 | |
| 100 | @a20161019d2016 em y0chiy50 ea | |
| 101 | 1 | @achi@ceng |
| 102 | @aCN@b110000 | |
| 105 | @aa z 000yy | |
| 106 | @ar | |
| 200 | 1 | @a汽车车身制造系统与工艺@9qi che che shen zhi zao xi tong yu gong yi@dThe automotive body manufacturing systems and processes@zeng@f(美)穆罕默德·奥马尔(Mohammed A. Omar)著@g王悦新主译 |
| 210 | @a北京@c化学工业出版社@d2016.10 | |
| 215 | @a287页@c图@d24cm | |
| 305 | @a本书中文简体字版由John Wiley & Sons Ltd授权化学工业出版社独家出版发行 | |
| 330 | @a本书系统、全面地介绍了车身制造工艺的全过程,分为8章,可归类为四部分。第一部分包括第1章,主要内容为汽车制造工艺基础;第二部分包括第2-6章,主要介绍了汽车制造材料转换层次中涉及的冲压、装焊和涂装工艺;第三部分包括第7章,主要介绍汽车制造静态层次中车间布局策略;第四部分为第8章,主要介绍了汽车制造运作层次中的生产管理和质量控制。 | |
| 510 | 1 | @aAutomotive body manufacturing systems and processes@zeng |
| 606 | 0 | @a汽车@x车体@x车辆制造 |
| 690 | @aU463.820.6@v5 | |
| 701 | 0 | @c(美)@a奥马尔@9ao ma er@c(Omar, Mohammed A. )@4著 |
| 702 | 0 | @a王悦新@9wang yue xin@4主译 |
| 801 | 0 | @aCN@b91MARC@c20171023 |
| 905 | @b1034726-30@dU463.820.6@f5@e596 | |
| 汽车车身制造系统与工艺=The automotive body manufacturing systems and processes/(美)穆罕默德·奥马尔(Mohammed A. Omar)著/王悦新主译.-北京:化学工业出版社,2016.10 |
| 287页:图;24cm |
| ISBN 978-7-122-26684-2:CNY88.00 |
| 本书系统、全面地介绍了车身制造工艺的全过程,分为8章,可归类为四部分。第一部分包括第1章,主要内容为汽车制造工艺基础;第二部分包括第2-6章,主要介绍了汽车制造材料转换层次中涉及的冲压、装焊和涂装工艺;第三部分包括第7章,主要介绍汽车制造静态层次中车间布局策略;第四部分为第8章,主要介绍了汽车制造运作层次中的生产管理和质量控制。 |
| ● |
| 相关链接 |
|
|
|
|
正题名:汽车车身制造系统与工艺
索取号:U463.820.6/596
 
预约/预借
| 序号 | 登录号 | 条形码 | 馆藏地/架位号 | 状态 | 备注 |
| 1 | 1034726 | 210347267 | 第二样本阅览室/ [索取号:U463.820.6/596] | 在馆 | |
| 2 | 1034727 | 210347276 | 密集书库-物理学院/ [索取号:U463.820.6/596] | 在馆 | |
| 3 | 1034728 | 210347285 | 第三借阅区/ [索取号:U463.820.6/596] | 在馆 | |
| 4 | 1034729 | 210347294 | 第三借阅区/ [索取号:U463.820.6/596] | 在馆 | |
| 5 | 1034730 | 210347301 | 第三借阅区/ [索取号:U463.820.6/596] | 在馆 |